[Event "Copenhagen Chess Challenge GM 2022"]
[Site "Ballerup"]
[Date "2022.05.25"]
[Round "1"]
[White "Komarov, Dimitri"]
[Black "Brunello, Sabino"]
[Result "1/2-1/2"]
[WhiteElo "2493"]
[BlackElo "2521"]
[PlyCount "103"]
[EventDate "2022.05.25"]
[EventType "tourn"]
[EventRounds "9"]
[EventCountry "DEN"]

1. d4 Nf6 2. c4 e6 3. Nf3 d5 4. Nc3 Bb4 5. Bg5 h6 6. Bxf6 Qxf6 7. Qa4+ Nc6 8.
e3 O-O 9. Rc1 Rd8 10. Be2 dxc4 11. Qb5 Qe7 12. Bxc4 Bd7 13. Qh5 Na5 14. Be2 c5
15. O-O cxd4 16. Nxd4 Rac8 17. Ne4 Nc6 18. Nb3 Be8 19. Qh3 f5 20. a3 Bxa3 21.
bxa3 fxe4 22. Nc5 Bf7 23. Qg3 Kh7 24. Nxe4 Bg6 25. Bf3 Rd5 26. h4 Qxa3 27. h5
Bf7 28. Nc3 Rg5 29. Qf4 Ne5 30. Be4+ Kg8 31. Ne2 Rf8 32. Nd4 Bxh5 33. Qh2 Bf7
34. Bxb7 Nd3 35. Rc7 e5 36. Nf3 Rh5 37. Qg3 Qd6 38. Rc8 Nc5 39. Rxf8+ Kxf8 40.
Bc8 Ne4 41. Qg4 Nf6 42. Qg3 Ne4 43. Qg4 Nf6 44. Qg3 a5 45. Bh3 Qc7 46. Nd4 Rg5
47. Qh2 Qd6 48. Rc1 Kg8 49. Nf3 Rh5 50. Qg3 Kh7 51. Nh4 Qb4 52. Bf5+ 1/2-1/2

[Event "Copenhagen Chess Challenge GM 2022"]
[Site "Ballerup"]
[Date "2022.05.25"]
[Round "1"]
[White "Nielsen, Viktor Haarmark"]
[Black "Brondt, Nicolai Kvist"]
[Result "1/2-1/2"]
[WhiteElo "2323"]
[BlackElo "2241"]
[PlyCount "118"]
[EventDate "2022.05.25"]
[EventType "tourn"]
[EventRounds "9"]
[EventCountry "DEN"]

1. e4 c6 2. Nf3 d5 3. d3 Bg4 4. h3 Bxf3 5. Qxf3 e6 6. g3 Nd7 7. Bg2 Ngf6 8. O-O
Bd6 9. Nc3 Qb6 10. a4 a5 11. Kh1 O-O 12. Qe2 Qa6 13. Re1 Rfe8 14. Bg5 dxe4 15.
Nxe4 Nxe4 16. Bxe4 Be5 17. c3 Bf6 18. Be3 Nb6 19. h4 Rad8 20. Qc2 Nd5 21. Bd2
Be7 22. d4 Nf6 23. Bd3 Qb6 24. Be3 Qc7 25. Bf4 Qb6 26. Be5 g6 27. Kg2 Nd7 28.
h5 Nxe5 29. Rxe5 Kg7 30. Rh1 Bf6 31. Re3 Rd5 32. Rf3 Rxh5 33. Rxh5 gxh5 34.
Bxh7 Rh8 35. Bd3 h4 36. Qe2 Qd8 37. g4 h3+ 38. Rxh3 Rxh3 39. Kxh3 Qh8+ 40. Kg2
Qh6 41. Qe3 Qxe3 42. fxe3 b6 43. b4 c5 44. dxc5 Bxc3 45. cxb6 Bxb4 46. b7 Bd6
47. Kf3 Kf8 48. Ke4 Ke7 49. Kd4 Kd7 50. Kc4 Kc6 51. Bh7 f6 52. Bg8 Kxb7 53. Kb5
Bb4 54. Bxe6 Kc7 55. Bf5 Kd6 56. Kc4 Ke5 57. Kb5 Kd6 58. Kc4 Ke5 59. Kb5 Kd6
1/2-1/2

[Event "Copenhagen Chess Challenge GM 2022"]
[Site "Ballerup"]
[Date "2022.05.25"]
[Round "1"]
[White "Stefansson, Vignir Vatnar"]
[Black "Heimisson, Hilmir Freyr"]
[Result "1/2-1/2"]
[WhiteElo "2496"]
[BlackElo "2323"]
[PlyCount "100"]
[EventDate "2022.05.25"]
[EventType "tourn"]
[EventRounds "9"]
[EventCountry "DEN"]

1. d4 Nf6 2. c4 e6 3. Nf3 d5 4. Bg5 dxc4 5. Qa4+ Nbd7 6. Qxc4 b5 7. Bxf6 gxf6
8. Qc2 c5 9. e3 Qa5+ 10. Qd2 Qxd2+ 11. Nbxd2 a6 12. a4 bxa4 13. Bd3 cxd4 14.
Nxd4 Nc5 15. Bc2 Bd7 16. O-O Rb8 17. Rfb1 Bd6 18. b4 axb3 19. N2xb3 Ke7 20.
Nxc5 Bxc5 21. Nb3 Rhc8 22. Bd3 Bb5 23. Bxb5 axb5 24. Kf1 b4 25. Rd1 Rb7 26. Ra6
Bb6 27. Ra4 Bd8 28. Ke2 f5 29. Nd4 Kf6 30. Rb1 Be7 31. Rb2 Rc3 32. Nc2 b3 33.
Nd4 Bc5 34. Kd2 Bxd4 35. Rxd4 Rbc7 36. Ke1 e5 37. Rd1 e4 38. Rdb1 Rb7 39. Kd2
Rd3+ 40. Ke2 Ke6 41. Rc1 Ra7 42. Rc5 Rad7 43. Rb5 Ra7 44. R5xb3 Rxb3 45. Rxb3
Ra2+ 46. Ke1 Kf6 47. h3 Ra1+ 48. Ke2 Ra2+ 49. Ke1 Ra1+ 50. Ke2 Ra2+ 1/2-1/2

[Event "Copenhagen Chess Challenge GM 2022"]
[Site "Ballerup"]
[Date "2022.05.25"]
[Round "1"]
[White "Boe Olsen, Filip"]
[Black "Haubro, Martin"]
[Result "0-1"]
[WhiteElo "2407"]
[BlackElo "2428"]
[PlyCount "106"]
[EventDate "2022.05.25"]
[EventType "tourn"]
[EventRounds "9"]
[EventCountry "DEN"]

1. d4 Nf6 2. Nf3 d5 3. Bf4 c5 4. e3 Nc6 5. Nbd2 Qb6 6. dxc5 Qxb2 7. Rb1 Qc3 8.
Bb5 e6 9. O-O Be7 10. e4 O-O 11. e5 Nd7 12. Nb3 Qb4 13. Nfd4 Nxd4 14. Nxd4 Qxc5
15. Re1 Rd8 16. Rb3 Nf8 17. Ree3 Ng6 18. Rec3 Qb6 19. Be3 Qa5 20. Bd2 Bb4 21.
Rxc8 Bxd2 22. Rxa8 Rxa8 23. Bd3 Bc3 24. Nf3 b6 25. h4 Rc8 26. Qe2 Qxa2 27. g3
Nxe5 28. Nxe5 Qa1+ 29. Kg2 Bxe5 30. Qf3 g6 31. h5 Bg7 32. Rb4 Qf6 33. Rf4 Qe7
34. Rh4 Rd8 35. Qg4 g5 36. Rh1 h6 37. Re1 e5 38. f3 Qd7 39. Bf5 Qc6 40. Qb4 a5
41. Qb3 b5 42. Rd1 Bf6 43. Bd3 b4 44. Bf5 Kg7 45. Kh3 Qb5 46. Bd3 Qc5 47. Bf5
Qc3 48. Qa4 Qxf3 49. Bg4 Qf2 50. Qxa5 e4 51. Rxd5 Be5 52. Rd3 exd3 53. Qxe5+
Qf6 0-1

[Event "Copenhagen Chess Challenge GM 2022"]
[Site "Ballerup"]
[Date "2022.05.25"]
[Round "1"]
[White "Hacker, Jonas"]
[Black "Blomqvist, Erik"]
[Result "1/2-1/2"]
[WhiteElo "2396"]
[BlackElo "2523"]
[PlyCount "63"]
[EventDate "2022.05.25"]
[EventType "tourn"]
[EventRounds "9"]
[EventCountry "DEN"]

1. e4 c5 2. Nf3 d6 3. Bb5+ Bd7 4. Bxd7+ Qxd7 5. c4 Nc6 6. Nc3 Nf6 7. d4 cxd4 8.
Nxd4 Qg4 9. Qxg4 Nxg4 10. Nxc6 bxc6 11. c5 dxc5 12. Ke2 e6 13. Bf4 f5 14. f3
Nf6 15. Rac1 Be7 16. Rhd1 Kf7 17. Bd6 Rhd8 18. Bxe7 Kxe7 19. exf5 exf5 20. Rxd8
Rxd8 21. Na4 Nd5 22. g3 Rd6 23. Nxc5 Rh6 24. Rh1 g5 25. Nd3 Kd6 26. Kf2 a5 27.
f4 gxf4 28. Nxf4 Nxf4 29. gxf4 Kd5 30. Kg3 c5 31. Rd1+ Ke4 32. Rc1 1/2-1/2

[Event "Copenhagen Chess Challenge GM 2022"]
[Site "Ballerup"]
[Date "2022.05.26"]
[Round "2"]
[White "Brondt, Nicolai Kvist"]
[Black "Stefansson, Vignir Vatnar"]
[Result "0-1"]
[WhiteElo "2241"]
[BlackElo "2496"]
[PlyCount "114"]
[EventDate "2022.05.25"]
[EventType "tourn"]
[EventRounds "9"]
[EventCountry "DEN"]

1. d4 Nf6 2. c4 e6 3. Nc3 c5 4. d5 d6 5. Nf3 exd5 6. cxd5 g6 7. Bf4 Bg7 8. e3
O-O 9. h3 Na6 10. Be2 Bf5 11. g4 Bc8 12. Nd2 Nc7 13. Nc4 b5 14. Nxd6 b4 15.
Nce4 Nfxd5 16. Bg5 Qd7 17. Rc1 f5 18. Nxc8 Raxc8 19. Nxc5 Qf7 20. Nd3 Ne6 21.
Rxc8 Rxc8 22. Bh4 f4 23. Bf3 Nb6 24. Nxf4 Nxf4 25. exf4 Re8+ 26. Kf1 Qxa2 27.
Kg2 Qxb2 28. Re1 Rf8 29. Be7 Rxf4 30. Bc5 Bd4 31. Re8+ Kg7 32. Re7+ Kg8 33.
Re8+ Kg7 34. Re7+ Kf6 35. Bxd4+ Qxd4 36. Qe2 Qd6 37. Rxa7 Nc4 38. Qe8 Ne5 39.
Qh8+ Kg5 40. h4+ Kxh4 41. Qxh7+ Kg5 42. Ra5 Rxf3 43. Rxe5+ Qxe5 44. Kxf3 Qf4+
45. Ke2 Qxg4+ 46. f3 Qc4+ 47. Ke3 Qc5+ 48. Kd3 Qd5+ 49. Ke3 Qe5+ 50. Kd3 b3 51.
Qb7 b2 52. Kc2 Kf4 53. Kb1 g5 54. Qc6 Kg3 55. Qb7 Qc3 56. Ka2 Qc1 57. Qb8+ Kg2
0-1

[Event "Copenhagen Chess Challenge GM 2022"]
[Site "Ballerup"]
[Date "2022.05.26"]
[Round "2"]
[White "Heimisson, Hilmir Freyr"]
[Black "Boe Olsen, Filip"]
[Result "1-0"]
[WhiteElo "2323"]
[BlackElo "2407"]
[PlyCount "115"]
[EventDate "2022.05.25"]
[EventType "tourn"]
[EventRounds "9"]
[EventCountry "DEN"]

1. e4 c5 2. Nf3 d6 3. Bb5+ Nd7 4. O-O a6 5. Bd3 Ngf6 6. Re1 e6 7. c3 b5 8. Bc2
Bb7 9. d4 Be7 10. Nbd2 Qc7 11. Nf1 Rc8 12. Bd3 O-O 13. Ng3 Rfe8 14. h3 Nf8 15.
Bg5 Ng6 16. Qe2 h6 17. Bd2 Nd7 18. Rad1 Qb6 19. a3 Bc6 20. Be3 Qb7 21. Bb1 Nf6
22. Qd3 a5 23. Nh2 cxd4 24. cxd4 b4 25. Ng4 bxa3 26. Nxf6+ Bxf6 27. bxa3 Ba4
28. Rc1 Qb5 29. Ne2 d5 30. Qd2 Be7 31. Nc3 Qb3 32. Bc2 Qxc3 33. Bxa4 Qxd2 34.
Bxd2 Rxc1 35. Rxc1 Rd8 36. exd5 Rxd5 37. Rc8+ Kh7 38. Be8 Rxd4 39. Bxa5 Bxa3
40. Bxf7 Nf8 41. Rc3 Bd6 42. g3 Rd5 43. Bb6 Rf5 44. Be8 Ng6 45. Bc6 Re5 46. Ba4
Ne7 47. Rf3 Nd5 48. Bd4 Re1+ 49. Kg2 Be5 50. Bc2+ Kg8 51. Bc5 Bf6 52. Bg6 Rc1
53. Ra3 Nc7 54. Bd6 Bd8 55. Rf3 Bf6 56. Rb3 Na6 57. Rb6 Ra1 58. Rc6 1-0

[Event "Copenhagen Chess Challenge GM 2022"]
[Site "Ballerup"]
[Date "2022.05.26"]
[Round "2"]
[White "Haubro, Martin"]
[Black "Hacker, Jonas"]
[Result "0-1"]
[WhiteElo "2428"]
[BlackElo "2396"]
[PlyCount "50"]
[EventDate "2022.05.25"]
[EventType "tourn"]
[EventRounds "9"]
[EventCountry "DEN"]

1. e4 c5 2. Nf3 e6 3. d4 cxd4 4. Nxd4 Nc6 5. Nc3 Qc7 6. Be3 a6 7. Qf3 Nf6 8.
O-O-O Ne5 9. Qg3 b5 10. f4 Neg4 11. Bd2 b4 12. Na4 h5 13. Bd3 d5 14. h3 dxe4
15. hxg4 exd3 16. g5 Ng4 17. Qxd3 Bd7 18. Nxe6 fxe6 19. Qg6+ Kd8 20. Bxb4 Qxf4+
21. Kb1 Qxb4 22. Qxe6 Qxa4 23. Qb6+ Kc8 24. Rhe1 Ba3 25. Rd3 Qb4 0-1

[Event "Copenhagen Chess Challenge GM 2022"]
[Site "Ballerup"]
[Date "2022.05.26"]
[Round "2"]
[White "Brunello, Sabino"]
[Black "Blomqvist, Erik"]
[Result "1/2-1/2"]
[WhiteElo "2521"]
[BlackElo "2523"]
[PlyCount "100"]
[EventDate "2022.05.25"]
[EventType "tourn"]
[EventRounds "9"]
[EventCountry "DEN"]

1. d4 Nf6 2. c4 e6 3. Nc3 Bb4 4. e3 c5 5. Nge2 d6 6. g3 d5 7. dxc5 dxc4 8.
Qxd8+ Kxd8 9. Bd2 Nbd7 10. Nd4 Ne5 11. Ne4 a5 12. Bxb4 axb4 13. Nd6 Ke7 14.
Nxc4 Nxc4 15. Bxc4 Bd7 16. Nc2 Rhc8 17. Nxb4 Rxc5 18. Bd3 Bb5 19. O-O Bxd3 20.
Nxd3 Rd5 21. Nb4 Rd2 22. Rfd1 Rxb2 23. Rab1 Rxb1 24. Rxb1 Ne4 25. Rc1 Kd6 26.
f3 Nc5 27. Rc3 f5 28. Kf2 g5 29. h3 h5 30. Ke2 b5 31. a3 g4 32. hxg4 hxg4 33.
fxg4 fxg4 34. Nd3 Ne4 35. Rb3 Nxg3+ 36. Ke1 Ne4 37. Rxb5 Rxa3 38. Rb6+ Ke7 39.
Rb4 Ra1+ 40. Ke2 Ra2+ 41. Kf1 Nf6 42. Nf4 g3 43. Rb7+ Nd7 44. Nh5 g2+ 45. Kg1
e5 46. Ng3 Ke6 47. Ne4 Re2 48. Rb3 Kd5 49. Nc3+ Kc4 50. Nxe2 Kxb3 1/2-1/2

[Event "Copenhagen Chess Challenge GM 2022"]
[Site "Ballerup"]
[Date "2022.05.26"]
[Round "2"]
[White "Komarov, Dimitri"]
[Black "Nielsen, Viktor Haarmark"]
[Result "1-0"]
[WhiteElo "2493"]
[BlackElo "2323"]
[PlyCount "71"]
[EventDate "2022.05.25"]
[EventType "tourn"]
[EventRounds "9"]
[EventCountry "DEN"]

1. d4 Nf6 2. c4 e6 3. Nf3 d5 4. g3 Bb4+ 5. Bd2 Bd6 6. Bg2 O-O 7. O-O c6 8. Bc3
dxc4 9. a4 a5 10. Nfd2 Ra6 11. Nxc4 Bc7 12. Qb3 Nd5 13. Rd1 Bd7 14. e4 Nxc3 15.
Nxc3 Bc8 16. e5 Qe7 17. Ne4 Nd7 18. h4 h6 19. Qc2 f6 20. exf6 gxf6 21. Nc5 Nxc5
22. dxc5 Qxc5 23. Qg6+ Kh8 24. Qxh6+ Kg8 25. Qg6+ Kh8 26. Re1 Qe7 27. Bh3 c5
28. Qh5+ Kg8 29. Re4 Rf7 30. Rae1 Rg7 31. Qe2 Kf7 32. Bf5 Bd7 33. b3 Bc8 34.
Kh2 Qd7 35. Qh5+ Kf8 36. Bxe6 1-0

[Event "Copenhagen Chess Challenge GM 2022"]
[Site "Ballerup"]
[Date "2022.05.26"]
[Round "3"]
[White "Stefansson, Vignir Vatnar"]
[Black "Komarov, Dimitri"]
[Result "0-1"]
[WhiteElo "2496"]
[BlackElo "2493"]
[PlyCount "68"]
[EventDate "2022.05.25"]
[EventType "tourn"]
[EventRounds "9"]
[EventCountry "DEN"]

1. d4 d5 2. c4 c6 3. Nf3 Nf6 4. g3 dxc4 5. Bg2 g6 6. O-O Bg7 7. a4 O-O 8. Na3
Na6 9. Ne5 c5 10. dxc5 Nxc5 11. Naxc4 Be6 12. Be3 Rc8 13. b4 Ncd7 14. Nxd7 Qxd7
15. Qxd7 Nxd7 16. Na5 Bxa1 17. Rxa1 Nb6 18. Bxb7 Rc7 19. Bf4 Rd7 20. Be4 Rd4
21. Bd3 Bd7 22. Bb5 Rxb4 23. Bxd7 Nxd7 24. Nc6 Re4 25. a5 a6 26. Ra2 Rc8 27. f3
Re6 28. Nb4 f6 29. Kf2 g5 30. Be3 Rd6 31. Nd3 Rc4 32. Rb2 Kf7 33. h3 Rd5 34.
Rb7 Ne5 0-1

[Event "Copenhagen Chess Challenge GM 2022"]
[Site "Ballerup"]
[Date "2022.05.26"]
[Round "3"]
[White "Nielsen, Viktor Haarmark"]
[Black "Brunello, Sabino"]
[Result "1-0"]
[WhiteElo "2323"]
[BlackElo "2521"]
[PlyCount "71"]
[EventDate "2022.05.25"]
[EventType "tourn"]
[EventRounds "9"]
[EventCountry "DEN"]

1. d4 Nf6 2. c4 g6 3. g3 Bg7 4. Bg2 c5 5. d5 O-O 6. Nc3 d6 7. Nf3 e6 8. O-O
exd5 9. cxd5 Nbd7 10. Bf4 Qe7 11. a4 Ng4 12. Bg5 f6 13. Bd2 Rb8 14. Rb1 a6 15.
b4 f5 16. Qc2 Re8 17. Rfe1 Qf6 18. a5 b5 19. axb6 cxb4 20. Rxb4 Rxb6 21. Na4
Rxb4 22. Bxb4 Nf8 23. Nb6 Re4 24. Ba3 Bd7 25. Nxd7 Nxd7 26. Qc8+ Nf8 27. Qxa6
Qc3 28. Rc1 Qb3 29. Qxd6 Rxe2 30. Nd4 Qxa3 31. Qxa3 Bxd4 32. Rc8 Bxf2+ 33. Kh1
Re1+ 34. Bf1 Rxf1+ 35. Kg2 Ne3+ 36. Kh3 1-0

[Event "Copenhagen Chess Challenge GM 2022"]
[Site "Ballerup"]
[Date "2022.05.26"]
[Round "3"]
[White "Boe Olsen, Filip"]
[Black "Brondt, Nicolai Kvist"]
[Result "1/2-1/2"]
[WhiteElo "2407"]
[BlackElo "2241"]
[PlyCount "103"]
[EventDate "2022.05.25"]
[EventType "tourn"]
[EventRounds "9"]
[EventCountry "DEN"]

1. d4 Nf6 2. c4 c6 3. Nf3 d5 4. e3 a6 5. Nc3 e6 6. Qc2 c5 7. cxd5 exd5 8. dxc5
Bxc5 9. Bd3 Nc6 10. O-O Bg4 11. Ne2 Qe7 12. Nfd4 Nb4 13. Qb3 Nxd3 14. Qxd3 O-O
15. b3 Bd6 16. Bb2 Qe4 17. Qxe4 dxe4 18. h3 Bd7 19. Rfd1 Be5 20. Rab1 Rfe8 21.
Rd2 Rac8 22. Nc2 Bb5 23. Bxe5 Rxe5 24. Ncd4 Bxe2 25. Nxe2 Kf8 26. Kf1 Ke7 27.
Rbd1 Rec5 28. Ke1 Rc2 29. a4 Rxd2 30. Rxd2 Ne8 31. Rd4 f5 32. Kd2 g6 33. g4 Rd8
34. gxf5 gxf5 35. Rxd8 Kxd8 36. Kc3 Kc7 37. Kd4 Kd6 38. b4 Nc7 39. Nf4 b6 40.
Kc4 b5+ 41. axb5 axb5+ 42. Kd4 Na6 43. Nd5 h6 44. h4 Nb8 45. Nf6 Nc6+ 46. Kc3
Ke6 47. Ne8 Ke5 48. Nc7 Na7 49. Na6 Nc6 50. Nc7 Na7 51. Na6 Nc6 52. Nc7 1/2-1/2

[Event "Copenhagen Chess Challenge GM 2022"]
[Site "Ballerup"]
[Date "2022.05.26"]
[Round "3"]
[White "Hacker, Jonas"]
[Black "Heimisson, Hilmir Freyr"]
[Result "1-0"]
[WhiteElo "2396"]
[BlackElo "2323"]
[PlyCount "107"]
[EventDate "2022.05.25"]
[EventType "tourn"]
[EventRounds "9"]
[EventCountry "DEN"]

1. c4 Nf6 2. Nf3 e6 3. Nc3 d5 4. e3 c6 5. b3 Nbd7 6. Bb2 Bd6 7. d4 O-O 8. Be2
b6 9. O-O Bb7 10. Qc2 Qe7 11. Rad1 Rad8 12. Rfe1 Rfe8 13. Bf1 c5 14. cxd5 exd5
15. Ne2 Rc8 16. Qf5 c4 17. bxc4 dxc4 18. Nc3 Ne4 19. Rc1 g6 20. Qh3 Nxc3 21.
Bxc3 b5 22. Bb2 Nb6 23. e4 Na4 24. Ba1 Bc6 25. d5 Bd7 26. Qh6 Qf8 27. Qh4 c3
28. Qf6 b4 29. e5 Bc5 30. Ba6 Rb8 31. Qf4 Nb6 32. Red1 Ba4 33. Rd3 Rbd8 34. d6
f6 35. exf6 Bxd6 36. Rxd6 Rxd6 37. f7+ Qxf7 38. Qxd6 Qd7 39. Qxb4 Nd5 40. Bc4
c2 41. Qd2 Rd8 42. Qd4 Kf8 43. Qh8+ Ke7 44. Qxh7+ Kd6 45. Qxg6+ Kc5 46. Bb3
Bxb3 47. axb3 Nb4 48. Bd4+ Kb5 49. Rxc2 Nxc2 50. Qxc2 Qc6 51. Qd3+ Kb4 52. h4
Rd7 53. Qd2+ Kxb3 54. Ne5 1-0

[Event "Copenhagen Chess Challenge GM 2022"]
[Site "Ballerup"]
[Date "2022.05.26"]
[Round "3"]
[White "Blomqvist, Erik"]
[Black "Haubro, Martin"]
[Result "1-0"]
[WhiteElo "2523"]
[BlackElo "2428"]
[PlyCount "75"]
[EventDate "2022.05.25"]
[EventType "tourn"]
[EventRounds "9"]
[EventCountry "DEN"]

1. Nf3 d5 2. g3 Nd7 3. d4 Nb6 4. a4 a5 5. b3 Bf5 6. Ba3 e6 7. Bxf8 Kxf8 8. Bg2
Ne7 9. Nbd2 f6 10. O-O Kf7 11. Re1 Re8 12. e4 dxe4 13. Nxe4 Bxe4 14. Rxe4 Ng6
15. c4 Nd7 16. h4 c6 17. Qe2 Ngf8 18. Re1 Qc7 19. c5 Re7 20. Nd2 b6 21. Bh3
Rae8 22. Nc4 bxc5 23. dxc5 Kg8 24. Nd6 Nxc5 25. Nxe8 Rxe8 26. Qh5 Qe7 27. Rc4
Nd3 28. Re3 Ne5 29. Rce4 g6 30. Qe2 Qa7 31. Kh2 Kg7 32. Rc3 Nf7 33. Rxc6 e5 34.
Ra6 Qc7 35. Rc4 Qd8 36. Rc8 Qe7 37. Rxe8 Qxe8 38. Rxa5 1-0

[Event "Copenhagen Chess Challenge GM 2022"]
[Site "Ballerup"]
[Date "2022.05.27"]
[Round "4"]
[White "Komarov, Dimitri"]
[Black "Boe Olsen, Filip"]
[Result "1/2-1/2"]
[WhiteElo "2493"]
[BlackElo "2407"]
[PlyCount "60"]
[EventDate "2022.05.25"]
[EventType "tourn"]
[EventRounds "9"]
[EventCountry "DEN"]

1. d4 Nf6 2. c4 e6 3. Nf3 d5 4. Nc3 c6 5. Bg5 h6 6. Bxf6 Qxf6 7. g3 Nd7 8. Bg2
g6 9. O-O dxc4 10. Ne4 Qe7 11. Ned2 Bg7 12. Nxc4 O-O 13. e4 Nb6 14. Nxb6 axb6
15. Qb3 b5 16. e5 Rd8 17. a3 Ra4 18. Rfd1 b6 19. Rd2 Bb7 20. Rad1 Rda8 21. Ne1
b4 22. Nc2 bxa3 23. Nxa3 b5 24. Qe3 Bf8 25. Nc2 Rb8 26. Qe2 Qc7 27. b3 Ra2 28.
b4 Rb2 29. Qe3 Ra8 30. Be4 Raa2 1/2-1/2

[Event "Copenhagen Chess Challenge GM 2022"]
[Site "Ballerup"]
[Date "2022.05.27"]
[Round "4"]
[White "Nielsen, Viktor Haarmark"]
[Black "Stefansson, Vignir Vatnar"]
[Result "0-1"]
[WhiteElo "2323"]
[BlackElo "2496"]
[PlyCount "54"]
[EventDate "2022.05.25"]
[EventType "tourn"]
[EventRounds "9"]
[EventCountry "DEN"]

1. d4 d5 2. c4 e6 3. Nf3 Nf6 4. g3 dxc4 5. Bg2 c6 6. Ne5 Bb4+ 7. Bd2 Be7 8. Bc3
b5 9. Nxc6 Qc7 10. Nxe7 Bb7 11. d5 Qxe7 12. d6 Qd7 13. Bxb7 Qxb7 14. O-O Nbd7
15. b3 Rc8 16. Nd2 cxb3 17. Qxb3 O-O 18. Bxf6 Nxf6 19. Rab1 Rc5 20. Rfd1 Rd8
21. Nf3 Qb6 22. a4 Ne4 23. Qe3 Nc3 24. Rdc1 b4 25. Ne5 Qxd6 26. Nd3 Rc4 27.
Rxb4 Nxe2+ 0-1

[Event "Copenhagen Chess Challenge GM 2022"]
[Site "Ballerup"]
[Date "2022.05.27"]
[Round "4"]
[White "Brondt, Nicolai Kvist"]
[Black "Hacker, Jonas"]
[Result "0-1"]
[WhiteElo "2241"]
[BlackElo "2396"]
[PlyCount "76"]
[EventDate "2022.05.25"]
[EventType "tourn"]
[EventRounds "9"]
[EventCountry "DEN"]

1. d4 Nf6 2. c4 e6 3. Nf3 d5 4. g3 dxc4 5. Bg2 a6 6. Ne5 Bb4+ 7. Nc3 Nd5 8. Bd2
Nb6 9. e3 N8d7 10. Rc1 Nxe5 11. dxe5 Bxc3 12. Bxc3 Qxd1+ 13. Kxd1 Nd5 14. Bd2
b5 15. b3 Bb7 16. Ke1 cxb3 17. axb3 O-O-O 18. Ke2 Ne7 19. f3 Rd7 20. Rhd1 Rhd8
21. Bb4 Rxd1 22. Rxd1 Rxd1 23. Kxd1 Nc6 24. Bc3 b4 25. Bb2 Na5 26. e4 Nxb3 27.
Kc2 Nc5 28. Bf1 a5 29. Bb5 c6 30. Bd4 Nd7 31. Ba4 Kc7 32. f4 c5 33. Be3 Bxe4+
34. Kd2 c4 35. Bxd7 Kxd7 36. Bb6 c3+ 37. Ke3 b3 38. Kxe4 b2 0-1

[Event "Copenhagen Chess Challenge GM 2022"]
[Site "Ballerup"]
[Date "2022.05.27"]
[Round "4"]
[White "Heimisson, Hilmir Freyr"]
[Black "Blomqvist, Erik"]
[Result "1/2-1/2"]
[WhiteElo "2323"]
[BlackElo "2523"]
[PlyCount "114"]
[EventDate "2022.05.25"]
[EventType "tourn"]
[EventRounds "9"]
[EventCountry "DEN"]

1. d4 Nf6 2. c4 e6 3. Nc3 Bb4 4. Qc2 c5 5. dxc5 O-O 6. Nf3 Na6 7. e3 Nxc5 8. a3
Bxc3+ 9. Qxc3 b6 10. b4 Nce4 11. Qb3 Bb7 12. Bb2 d5 13. Be2 dxc4 14. Bxc4 Rc8
15. O-O Qe7 16. Rac1 Rfd8 17. Be2 h6 18. h3 Qe8 19. Rxc8 Rxc8 20. Rc1 Rxc1+ 21.
Bxc1 Qc8 22. Qc4 Qxc4 23. Bxc4 Bd5 24. Bd3 Ne8 25. Nd4 N4d6 26. Bc2 e5 27. Ne2
f6 28. Nc3 Bc4 29. f4 Nc7 30. Kf2 Kf7 31. a4 b5 32. axb5 Ncxb5 33. Na4 exf4 34.
exf4 Ke6 35. Be3 Kd5 36. Bh7 Kc6 37. g4 Bf7 38. Bc2 Bc4 39. Bc5 Kd5 40. Bh7
Ne4+ 41. Bxe4+ Kxe4 42. f5 h5 43. Kg3 Bb3 44. Nb2 hxg4 45. hxg4 Bf7 46. Nd1 g6
47. Nf2+ Kd5 48. Kf4 a5 49. Be7 axb4 50. Bxb4 gxf5 51. Kxf5 Be6+ 52. Kxf6 Bxg4
53. Nxg4 Nd4 54. Be1 Ke4 55. Nf2+ Kd5 56. Ba5 Nc6 57. Bc3 Nd4 1/2-1/2

[Event "Copenhagen Chess Challenge GM 2022"]
[Site "Ballerup"]
[Date "2022.05.27"]
[Round "4"]
[White "Brunello, Sabino"]
[Black "Haubro, Martin"]
[Result "1-0"]
[WhiteElo "2521"]
[BlackElo "2428"]
[PlyCount "97"]
[EventDate "2022.05.25"]
[EventType "tourn"]
[EventRounds "9"]
[EventCountry "DEN"]

1. d4 Nf6 2. c4 e6 3. Nc3 Bb4 4. e3 O-O 5. Bd3 d5 6. Nge2 c5 7. a3 Bxc3+ 8.
bxc3 dxc4 9. Bxc4 Qc7 10. Bd3 Nc6 11. Ng3 e5 12. dxe5 Nxe5 13. Be2 Be6 14. f4
Rad8 15. Qc2 Nc6 16. e4 Bg4 17. Bxg4 Nxg4 18. h3 Nh6 19. O-O f6 20. Be3 b6 21.
Rae1 Nf7 22. Bc1 Kh8 23. Rf3 Qd7 24. Kh2 Qe6 25. e5 fxe5 26. f5 Qc4 27. Re2 Nd6
28. Bg5 Rde8 29. f6 g6 30. Bh6 Rf7 31. Qd2 Qe6 32. Rd3 Nc4 33. Bg7+ Rxg7 34.
fxg7+ Kxg7 35. Qg5 Rf8 36. a4 h6 37. Qc1 Rf7 38. Ne4 Qe7 39. Qd1 Qh4 40. Rg3
Qd8 41. Rd3 Qh4 42. Rd7 Qf4+ 43. g3 Qf5 44. Rxf7+ Qxf7 45. Rf2 Qe8 46. Qd5 Ne3
47. Qd6 Nf5 48. Qf6+ Kh7 49. Qxf5 1-0

[Event "Copenhagen Chess Challenge GM 2022"]
[Site "Ballerup"]
[Date "2022.05.27"]
[Round "5"]
[White "Hacker, Jonas"]
[Black "Komarov, Dimitri"]
[Result "1-0"]
[WhiteElo "2396"]
[BlackElo "2493"]
[PlyCount "101"]
[EventDate "2022.05.25"]
[EventType "tourn"]
[EventRounds "9"]
[EventCountry "DEN"]

1. e4 c5 2. Nf3 Nc6 3. Bb5 g6 4. O-O Bg7 5. c3 Nf6 6. Re1 O-O 7. d4 d5 8. e5
Ne4 9. Bxc6 bxc6 10. Be3 cxd4 11. cxd4 f6 12. Nbd2 Nxd2 13. Qxd2 g5 14. Qc3 Bd7
15. Nd2 fxe5 16. dxe5 Rf5 17. Bd4 e6 18. Nb3 Qc7 19. Nc5 Raf8 20. Rac1 Rf4 21.
Nxd7 Qxd7 22. g3 Rf3 23. Qxc6 Qf7 24. Re2 h5 25. Bc5 Rd8 26. Bd6 h4 27. Qc7 Rd7
28. Qc8+ Kh7 29. Qc2+ Kh6 30. Qa4 Kh5 31. h3 hxg3 32. Qg4+ Kh6 33. fxg3 Rf5 34.
Kg2 Qg6 35. Rh1 Kh7 36. h4 Bh6 37. h5 Qe8 38. Qa4 Qd8 39. Rf1 Rxf1 40. Kxf1
Rf7+ 41. Kg2 Qa8 42. Qd4 Qc6 43. Qd3+ Rf5 44. g4 d4+ 45. Kg3 Qh1 46. gxf5 g4
47. fxe6+ Kh8 48. Kxg4 Qg1+ 49. Qg3 Qd1 50. Qf3 d3 51. e7 1-0

[Event "Copenhagen Chess Challenge GM 2022"]
[Site "Ballerup"]
[Date "2022.05.27"]
[Round "5"]
[White "Boe Olsen, Filip"]
[Black "Nielsen, Viktor Haarmark"]
[Result "1/2-1/2"]
[WhiteElo "2407"]
[BlackElo "2323"]
[PlyCount "61"]
[EventDate "2022.05.25"]
[EventType "tourn"]
[EventRounds "9"]
[EventCountry "DEN"]

1. d4 Nf6 2. c4 e6 3. Nf3 d5 4. g3 Bb4+ 5. Bd2 Bd6 6. Qc2 O-O 7. Bg2 c6 8. Nc3
Nbd7 9. b3 b6 10. O-O Bb7 11. e4 Nxe4 12. Nxe4 dxe4 13. Qxe4 Nf6 14. Qc2 c5 15.
dxc5 Be4 16. Qb2 Bxc5 17. Bc3 Be7 18. Rfe1 Bc6 19. Ne5 Bxg2 20. Kxg2 Qc7 21.
Qe2 b5 22. Qf3 bxc4 23. Nxc4 Nd5 24. Be5 Qb7 25. Kg1 Rad8 26. Red1 Rd7 27. h4
Bf6 28. Bxf6 Nxf6 29. Qxb7 Rxb7 30. Rd6 Ne4 31. Rd4 1/2-1/2

[Event "Copenhagen Chess Challenge GM 2022"]
[Site "Ballerup"]
[Date "2022.05.27"]
[Round "5"]
[White "Stefansson, Vignir Vatnar"]
[Black "Brunello, Sabino"]
[Result "0-1"]
[WhiteElo "2496"]
[BlackElo "2521"]
[PlyCount "104"]
[EventDate "2022.05.25"]
[EventType "tourn"]
[EventRounds "9"]
[EventCountry "DEN"]

1. d4 Nf6 2. c4 e6 3. g3 Bb4+ 4. Nd2 O-O 5. Bg2 d5 6. Ngf3 c6 7. O-O Nbd7 8.
Qc2 b5 9. c5 Ba5 10. a3 Bc7 11. b4 a5 12. Bb2 Ng4 13. h3 Nh6 14. Ne5 Ra6 15. e4
Nf6 16. g4 Nxe4 17. Nxe4 dxe4 18. Qxe4 f5 19. gxf5 Bxe5 20. Qxe5 Rxf5 21. Qe3
Rf7 22. Bc3 Nf5 23. Qe5 Nh4 24. Be4 Nf3+ 25. Bxf3 Rxf3 26. d5 Ra7 27. Kg2 Rf5
28. Qb8 Rb7 29. Qd6 Qg5+ 30. Qg3 exd5 31. bxa5 Rbf7 32. f4 Qd8 33. Qe3 Rh5 34.
Rf3 Bf5 35. Rg3 Be4+ 36. Kh2 Rh6 37. f5 Rh5 38. f6 Rxf6 39. Bxf6 Qxf6 40. Rag1
g6 41. a6 Qe5 42. R1g2 Rxh3+ 43. Kg1 Qa1+ 44. Kf2 Rh1 45. Rg1 Rh2+ 46. R3g2
Qf6+ 47. Ke1 Bxg2 48. a7 Qa1+ 49. Kf2 Be4+ 50. Kg3 Qe5+ 51. Qf4 Qxf4+ 52. Kxf4
Rf2+ 0-1